000 00979nam a22002417a 4500
003 BD-DhSAU
005 20181202153514.0
008 160419b2016 bg ||||| |||| 001 0 eng d
040 _aBD-DhSAU
082 _222
_a338.1
_bC3495
100 _a Chakma , Abhi
_eRegistration #10-03894
245 _a Study on Foreign exchange trade of Agrani bank limited /
_bMS thesis
_c Chakma , Abhi
260 _aSher-e-Bangla Agricultural Uniersity :
_bDepartment of Agricultural Economics,
_c2016
300 _avi, 74p. :
_bill. ;
_c30 cm.
500 _aMS thesis, Department of Agricultural Economics, Faculty of Agriculture, Sher-e-Bangla Agricultural University, Dhaka, Bangladesh
590 _aShofi
650 _aAgricultural Economics
650 _aForeign exchange trade
650 _a Agrani bank limited
700 _aBegum , Rokeya
_eSupervisor
856 _u http://archive.saulibrary.edu.bd:8080/xmlui/handle/123456789/1883
_yOnline Access
942 _2ddc
_cTHESIS
999 _c14124
_d14123